00426nam a2200169Ia 4500008004100000020001800041041000800059082001600067100001500083245003700098250001100135260003800146300000900184500002300193650002500216700001500241230125s9999 xx 000 0 und d a0-07-008310-X aeng a658.15bGUR aGurusamy S aEssentials of Financial Services a2nd ed c2008bTata McGraw HillaNew Delhi a408p aFinancial services aFinancial Management aGurusamy S